| 000 | 00868nam a22002057a 4500 | ||
|---|---|---|---|
| 999 |
_c11395 _d11395 |
||
| 003 | AR-CdUCM | ||
| 008 | 190403b ||||| |||| 00| 0 spa d | ||
| 040 |
_aMUNICIPALIDAD PROVINCIAL DEL CUSCO _cBIBLIOTECA MUNICIPAL DEL CUSCO |
||
| 082 |
_aEP / 372.460 / _bIB23 |
||
| 110 |
_aMinisterio de Educación - Programa de Mejoramiento de la Calidad de la Educación Primaria _928731 |
||
| 245 |
_aTexto Integrado Construir : _bPrimer grado de educación primaria / |
||
| 260 |
_aLima: _bBrasa S. A. ; _c1995 |
||
| 300 |
_a158 páginas ; _bIlustraciones _c28cm |
||
| 440 |
_aColección Magisterio _928732 |
||
| 505 | _aContenido: Articulación de educación inicial - 5 años - y primer grado de educación primaria... | ||
| 650 |
_aEducación primaria _91561 |
||
| 700 |
_aIbáñez Nieto, Alberto (coordinador general) _928733 |
||
| 942 |
_2ddc _cLIBROS |
||
| 945 | _anom | ||